000 00434nam a2200157 i 4500
001 95547
003 ES-MaACL
005 20230906181728.0
007 t|
008 050531s1973 sp ||||1| spa d
100 0 _aLlopis Lloret, Francisco.
_972843
245 1 0 _aMosaico literario /
_cpor Francisco Llopis Llorent.
260 _aAlicante :
_bEd. Villa,
_c1973.
300 _a382 p. ;
_c22 cm.
852 _aES-MaACL
_jC-54021
_bR.87008
999 _c95547
_d95547